Les pays qui se terminent par la lettre R - Statistiques

Statistiques générales
  • Ce quiz a été pris 580 fois
    579 depuis la dernière actualisation
  • Le résultat moyen est 3 sur 7
Statistiques - réponses
pays % Correct
Qatar
67%
Niger
58%
Équateur
44%
Madagascar
39%
Salvador
36%
Singapour
32%
Myanmar
23%
Aucun quiz correspondant
Distribution des résultats
% des personnes avec chaque résultat
Percentile par nombre de réponses
Votre historique - résultats
Vous n’avez pas pris ce quiz depuis la dernière actualisation